00734 2200181 4500001002100000005001700021008004100038035002400079082001100103090001800114100002000132245021200152260008900364300004100453504002600494650001400520990001800534YOGYA-0313000000028320130313144116.0 ind  0010-031300000000283 a363.44 aSK 363.44 Pem aANDREAS HARYONO aPEMBERDAYAAN pekerja seks: studi kasus tentang pengaruh kesadaran kesehatan pendidikan, status sosialm ekonomi, dan intervensi publik terhadap tingkat kesehatan reproduksicdisusun Andreas Haryono...(et.al). bYogyakarta: Fakultas Ilmu Sosial dan Ilmu Politik Universitas Gadjah Madac1997/1998 a42(11) lbr. :bilus. lamp. ;c29 cm. aBibliografi: lbr. 42. aPelacuran a44659-PD/A.12